000 00441cam a2200181ua 4500
020 _c3.00
041 _ahin
_h
082 _a891.54
_bSHA/YU
100 _aShantipriya, Trivedi .
245 _aYug aur sahithya /
_cShantipriya Trivedi.
_hTextual Documents
250 _a1 /
_b.
260 _aAllahabad :
_bIndian Press Ltd ,
_c1958.
300 _a358 ; .
365 _a3.00
504 _a
942 _cBK
999 _c11932
_d11932